|
|
|
|
| LEADER |
00000nam0a2200000 4500 |
| 001 |
69962 |
| 005 |
20231101212501.0 |
| 035 |
|
|
|a (RuTPU)RU\TPU\book\74501
|
| 090 |
|
|
|a 69962
|
| 100 |
|
|
|a 20041109d1981 m y0rusy50 ca
|
| 101 |
0 |
|
|a rus
|
| 102 |
|
|
|a RU
|
| 105 |
|
|
|a a j 001zy
|
| 200 |
1 |
|
|a Волновые зубчатые передачи
|e учебное пособие для вузов
|f М. Н. Иванов
|
| 210 |
|
|
|a Москва
|c Высшая школа
|d 1981
|
| 215 |
|
|
|a 184 с.
|c ил.
|
| 320 |
|
|
|a Библиогр.: с. 181-182
|
| 606 |
|
|
|a Зубчатые передачи волновые
|2 stltpush
|3 (RuTPU)RU\TPU\subj\12116
|9 38964
|
| 610 |
1 |
|
|a машиностроение
|
| 610 |
1 |
|
|a кольца
|
| 610 |
1 |
|
|a цилиндрические оболочки
|
| 610 |
1 |
|
|a кинематика
|
| 610 |
1 |
|
|a зубья
|
| 610 |
1 |
|
|a зацепления
|
| 610 |
1 |
|
|a параметры
|
| 610 |
1 |
|
|a конструкция
|
| 610 |
1 |
|
|a расчет
|
| 610 |
1 |
|
|a жесткость
|
| 610 |
1 |
|
|a применение
|
| 610 |
1 |
|
|a редукторы
|
| 610 |
1 |
|
|a учебные пособия
|
| 675 |
|
|
|a 621.833-182(075.8)
|v 3
|
| 700 |
|
1 |
|a Иванов
|b М. Н.
|g Михаил Николаевич
|
| 801 |
|
1 |
|a RU
|b 63413507
|c 20041109
|g PSBO
|
| 801 |
|
2 |
|a RU
|b 63413507
|c 20220719
|g PSBO
|
| 942 |
|
|
|c BK
|